Finom lélek a tigrisek között

Podrobná bibliografia
Hlavní autori: Horváth, Katalin L. (Autor, Tazateľ), Tóthová, Kristína, 1984- (Autor)
Médium: Článok
Jazyk:maďarčina
Fyzický popis:Fotogr.
ISSN:1335-938X
Predmet:

MARC

LEADER 00000nab a2200000 a 4500
001 vtls010441997
003 SK-MaSNL
005 20260318115342.0
008 120813|2012 xo m| 000 0|hun
015 |a SNBRB2012/08 
038 |a DSZK 
040 |a DSZK  |b slo  |c DSZK  |e AACR2 
041 0 |a hun 
044 |a xo  |c SK 
080 |a 792.071  |2 2001 
080 |a 929 Tóthová, Kristína  |2 2001 
100 1 |a Horváth, Katalin L.  |4 ivr  |4 aut  |9 348053 
245 1 0 |a Finom lélek a tigrisek között  |c L. Horváth Katalin, Tóth Krisztina 
300 |b Fotogr. 
600 1 7 |a Tóthová, Kristína,  |d 1984-  |2 dszk  |9 201926 
610 2 7 |a Divadlo Jána Palárika v Trnave  |2 dszk  |9 36350 
650 0 7 |a maďarskí herci  |z Slovensko  |2 dszk  |9 1097112 
651 7 |a Šamorín (Slovensko)  |2 dszk  |9 28925 
651 7 |a Dunajská Streda (Slovensko : okres)  |2 dszk  |9 145813 
651 7 |a Trnava (Slovensko)  |2 dszk  |9 19407 
655 7 |a rozhovory  |2 dszk  |9 31831 
700 1 |a Tóthová, Kristína,  |d 1984-  |4 ive  |4 aut  |9 201926 
773 0 |t Új nő  |g Sz.augusztus (2012), o. 32-33  |x 1335-938X 
852 |a SNK  |b KIS3GCP 
999 |c 3306669  |d 3308599